000 00355nam a2200133Ia 4500
008 100328s9999 xx 000 0 und d
082 _b4184
100 _aपवार शरद
245 _aपहाट झाली
260 _bयुगवाणी
630 _aपहाट झाली
730 _aपहाट झाली
942 _cBOOK
999 _c500265
_d500262